| 000 | 00562cam a2200169 4500500 | ||
|---|---|---|---|
| 005 | 20260405002322.0 | ||
| 041 | _afre | ||
| 042 | _adc | ||
| 100 | 1 | 0 |
_ade Oliveira, Victorine _eauthor |
| 245 | 0 | 0 | _aMarcel Conche : “Il n’y a pas de religion d’Épicure” |
| 260 | _c2016. | ||
| 500 | _a93 | ||
| 690 | _aÉpicurisme | ||
| 690 | _aMarcel Conche | ||
| 786 | 0 | _nPhilosophie magazine | 105 | 12-1 | 2016-12-01 | p. 43-43 | 1951-1787 | |
| 856 | 4 | 1 | _uhttps://shs.cairn.info/magazine-philosophie-magazine-2016-12-1-page-43?lang=fr&redirect-ssocas=7080 |
| 999 |
_c2056569 _d2056569 |
||